| 000 | 00625nam a2200169Ia 4500 | ||
|---|---|---|---|
| 008 | 090201s9999 xx 000 0 und d | ||
| 010 | _aKPL-53313 | ||
| 040 | _bमराठी | ||
| 041 | _aमराठी | ||
| 082 |
_a13436 _b53313 |
||
| 100 | _aजयश्री देसाई | ||
| 245 |
_aअयोध्या आंदोलन (काल-आज-उद्या) _cजयश्री देसाई |
||
| 260 |
_c2004 _bचंद्रकला प्रकाशन |
||
| 300 |
_a87 _bमोठा |
||
| 600 | _aअयोध्या आंदोलन (काल-आज-उद्या) | ||
| 942 | _cBOOK | ||
| 999 |
_c213634 _d213634 |
||